00868nam a2200205 a 450000100100000000500170001000800410002704000250006808200180009311000950011124500390020624600370024526000610028230000450034365000560038865000750044404900090051995201170052899900170064500002598020200930024212.0110225s2003 dr acd 000 0 spa d aDO-SdBNPbspacBNPHU a354.49bR426i1 aRepública dominicanabCorporación Dominicana de Empresas Eléctricas Estatales95287810aInforme estadístico anual 2003/.14aInforme estadístico anual 2003 aSanto Domingo :bDepartamento de Estadística,c[2003]. a109 p. :bil., gráf., retrs. ;c29 cm. 4aEmpresas eléctricaszRepública Dominicana97935 4aDistribución de energía eléctricazRepública Dominicana952879 aBNPD 00107-18PDaPDbPDcOId2011-02-25iLF1l0o354.49 R426ip25980-10r2020-06-25w2020-06-25yLFPDZNo se presta c25472d25472